Bioética y justicia sanitaria (Registro nro. 32999)

Detalles MARC
000 -ENCABEZADO
Número de control [NR] 01414nam a2200409Ia 4500
005 - FECHA Y HORA DE LA ÚLTIMA TRANSACCIÓN
control field 20211020094836.0
008 - DE LONGITUD FIJA DE DATOS DE ELEMENTOS - INFORMACIÓN GENERAL
Elementos de longitud fija [NR] 130821s2001 ck gr spa
020 ## - NUMERO INTERNACIONAL NORMALIZADO PARA LIBROS [R]
Número Internacional Normalizado del libro [NR] 9588077389
020 ## - NUMERO INTERNACIONAL NORMALIZADO PARA LIBROS [R]
Número Internacional Normalizado del libro [NR] 9789588077055 (2a.Ed.)
040 ## - FUENTE DE CATALOGACION [NR]
Agencia de catalogación original [NR] Co-BoUCM
Idioma de catalogación [NR] spa
Quien Cataloga Saul Niño (Modificó)
Quien Clasifica [Nuevo]
041 00 - CODIGO DE IDIOMA [R]
Código de idioma para texto/pista de sonido o título separado [R] Español
060 ## - SIGNATURA TOPOGRAFICA DE LA BIBLIOTECA NACIONAL DE MEDICINA (NLM) [R]
Número clasificador [R] W 50
245 00 - MENCION DE TITULO [NR]
Título [NR] Bioética y justicia sanitaria
Mención de responsabilidad, etc. [NR] Jaime Escobar Triana ...[y otros.]
250 ## - MENCION DE EDICION [NR]
Mención de edición [NR] Segunda edición
260 ## - PUBLICACION, DISTRIBUCION, ETC. (PIE DE IMPRENTA) [R]
Lugar de publicación, distribución, etc. [R] Bogotá (Colombia)
Nombre del editor, distribuidor, etc. [R] Ediciones El Bosque
Fecha de publicación, distribución, etc. [R] 2001
300 ## - DESCRIPCION FISICA [R]
Extensión [R] 216 páginas
490 ## - MENCION DE SERIE [R]
Mención de serie [R] Bíos y Ethos
630 #7 - ASIENTO SECUNDARIO DE MATERIA - TITULO UNIFORME [R]
Título uniforme [NR] Ley 100 de 1993
Subdivisión general [R] Aspectos morales y éticos
Subdivisión geográfica [R] Colombia
9 (RLIN) 5021
650 04 - ASIENTO SECUNDARIO DE MATERIA - TERMINO TEMATICO [R]
Término temático o nombre geográfico como elemento de entrada [NR] Bienestar social
9 (RLIN) 10081
650 04 - ASIENTO SECUNDARIO DE MATERIA - TERMINO TEMATICO [R]
Término temático o nombre geográfico como elemento de entrada [NR] Bioética
9 (RLIN) 10102
650 04 - ASIENTO SECUNDARIO DE MATERIA - TERMINO TEMATICO [R]
Término temático o nombre geográfico como elemento de entrada [NR] Calidad de vida
9 (RLIN) 10318
650 04 - ASIENTO SECUNDARIO DE MATERIA - TERMINO TEMATICO [R]
Término temático o nombre geográfico como elemento de entrada [NR] Educación en salud
9 (RLIN) 13820
650 04 - ASIENTO SECUNDARIO DE MATERIA - TERMINO TEMATICO [R]
Término temático o nombre geográfico como elemento de entrada [NR] Ética
9 (RLIN) 195
650 04 - ASIENTO SECUNDARIO DE MATERIA - TERMINO TEMATICO [R]
Término temático o nombre geográfico como elemento de entrada [NR] Filosofía y salud
9 (RLIN) 15857
650 04 - ASIENTO SECUNDARIO DE MATERIA - TERMINO TEMATICO [R]
Término temático o nombre geográfico como elemento de entrada [NR] Salud pública
9 (RLIN) 8073
650 04 - ASIENTO SECUNDARIO DE MATERIA - TERMINO TEMATICO [R]
Término temático o nombre geográfico como elemento de entrada [NR] Seguridad social
Subdivisión general [R] Aspectos morales y éticos
Subdivisión geográfica [R] Colombia
9 (RLIN) 24114
650 #7 - ASIENTO SECUNDARIO DE MATERIA - TERMINO TEMATICO [R]
Término temático o nombre geográfico como elemento de entrada [NR] Consentimiento legal (Medicina)
9 (RLIN) 11641
700 1# - ASIENTO SECUNDARIO - NOMBRE PERSONAL [R]
Nombre personal [NR] Escobar Triana, Jaime
9 (RLIN) 88188
700 1# - ASIENTO SECUNDARIO - NOMBRE PERSONAL [R]
Nombre personal [NR] García, Gustavo
9 (RLIN) 88201
700 1# - ASIENTO SECUNDARIO - NOMBRE PERSONAL [R]
Nombre personal [NR] Jacomé, Sofía
9 (RLIN) 88202
700 1# - ASIENTO SECUNDARIO - NOMBRE PERSONAL [R]
Nombre personal [NR] M. Laga, Hernán
9 (RLIN) 88203
700 1# - ASIENTO SECUNDARIO - NOMBRE PERSONAL [R]
Nombre personal [NR] Maldonado Castañeda, Carlos Eduardo
9 (RLIN) 88190
700 1# - ASIENTO SECUNDARIO - NOMBRE PERSONAL [R]
Nombre personal [NR] Montt, Julio
9 (RLIN) 88204
700 1# - ASIENTO SECUNDARIO - NOMBRE PERSONAL [R]
Nombre personal [NR] Rodríguez Del Pozo, Pablo
9 (RLIN) 88205
942 ## - ELEMENTOS DE ENTRADA AGREGADOS (KOHA)
Tipo de ítem principal el descrito en 300a Libro
Tema principal Filosofía
Edición 2
Parte restante de la signatura top. B615J
Sistema de clasificación NLM
Clasificación W 50
Título oculto en OPAC No
Existencias
Fecha de último préstamo Total préstamos Signatura topográfica Código de barras Última vez visto Volúmen / Fascículo Ejemplar Price effective from Tipo de ítem Nota pública (OPAC) Perdido Sistema de clasificación Dañado No prestable Tipo de ítem específico Suprimido Ubicación habitual Ubicación actual Localización Fecha de creación Forma de adquisición Costo Costo de reposición Proveedor
    W 51 B615j 200008820 09/07/2012 2a. ed. Ej.1 03/02/2013 Libro     DEWEY     Libro   Bodega Bodega Préstamo 4 días después de solicitado 28/02/2004 Donación 26000.00    
    W 50 B615j 100154734 01/12/2025 2a.Ed. Ej.2 26/10/2017 Libro     NLM     Libro   Fundación Cardioinfantil Fundación Cardioinfantil 1er piso 26/10/2017 Donación 26000.00 26000.00 12
11/04/2014 2 W 50 B615j 100058260 12/12/2025 2a.Ed. Ej.1 03/02/2013 Libro Spot Ética y Bioética   NLM     Libro   Quinta de Mutis Quinta de Mutis 3er piso 28/02/2003 Donación 10000.00    
23/04/2009 4 W 50 B615j 200005549 12/12/2025   Ej.1 03/02/2013 Libro Spot Ética y Bioética   NLM     Libro   Quinta de Mutis Quinta de Mutis 3er piso 28/02/2003 Donación 5000.00